| 000 | 00851nas a2200277 4500 | ||
|---|---|---|---|
| 001 | BR0205089 | ||
| 003 | BR-BrBNA | ||
| 005 | 20231205103308.0 | ||
| 007 | ta | ||
| 008 | 230509b bl.|||p| |||| 00| 00por d | ||
| 040 |
_aBR-BrBNA _bpor _cBiblioteca Nacional de Agricultura |
||
| 041 | _a(Pt) | ||
| 072 | _aJ11 | ||
| 100 | 1 | _aLima, L.C. | |
| 100 | 1 | _aBrackmann, A. | |
| 100 | 1 | _aChitarra, M.I.F. | |
| 100 | 1 | _aVilas Boas, E.V. de B. | |
| 100 | 1 | _aReis, J.M.R. | |
| 245 | 1 | _aCaracterísticas de qualidade da maçã "Royal Gala" armazenada sob refrigeração e atmosfera controlada | |
| 650 | _aMAÇÃ | ||
| 650 | _aARMAZENAMENTO | ||
| 650 | _aQUALIDADE | ||
| 773 | 0 |
_tCiência e Agrotecnologia (Brazil) _xISSN 1413-7054 _g(Mar-Apr 2002), v. 26(2) p. 354-361 _wBR0205089 |
|
| 909 |
_a202311 _bLúcia _c55 _dLúcia Elande |
||
| 942 |
_2AGRIS _n0 _cANA |
||
| 999 |
_c172131 _d172131 |
||